Business Statistics (Record no. 10791)

MARC details
000 -LEADER
fixed length control field 00341nam a2200145Ia 4500
008 - FIXED-LENGTH DATA ELEMENTS--GENERAL INFORMATION
fixed length control field 191201s2011 xx 000 0 und d
082 ## - DEWEY DECIMAL CLASSIFICATION NUMBER
Classification number 658.083
Item number SHB
100 ## - MAIN ENTRY--PERSONAL NAME
Personal name SHARMA, J.K.
245 #0 - TITLE STATEMENT
Title Business Statistics
250 ## - EDITION STATEMENT
Edition statement 5th
260 ## - PUBLICATION, DISTRIBUTION, ETC. (IMPRINT)
Place of publication, distribution, etc New Delhi
Name of publisher, distributor, etc Vikas Pub. House
Date of publication, distribution, etc 2021
300 ## - PHYSICAL DESCRIPTION
Extent 759
650 ## - SUBJECT ADDED ENTRY--TOPICAL TERM
Topical term or geographic name as entry element B Com
942 ## - ADDED ENTRY ELEMENTS (KOHA)
Source of classification or shelving scheme Dewey Decimal Classification
Koha item type Text Books
942 ## - ADDED ENTRY ELEMENTS (KOHA)
-- 2
Holdings
Withdrawn status Lost status Source of classification or shelving scheme Damaged status Not for loan Collection code Home library Current library Date acquired Source of acquisition Currency Cost, normal purchase price Bill Number Total Checkouts Full call number Acc. no. / Barcode Date last seen Actual Cost, discounted price Bill Date Koha item type Date last borrowed
    Dewey Decimal Classification     B.Com PIET NCR College Library PIET NCR College Library 16/07/2021 Kirti Prakashan IN Rupees 675.00 IN2274   658.083 SHB N1404 04/08/2021 452.25 16/07/2021 Reference Books  
    Dewey Decimal Classification     B.Com PIET NCR College Library PIET NCR College Library 16/07/2021 Kirti Prakashan IN Rupees 675.00 IN2274   658.083 SHB N1405 04/08/2021 452.25 16/07/2021 Text Books  
    Dewey Decimal Classification     B.Com PIET NCR College Library PIET NCR College Library 16/07/2021 Kirti Prakashan IN Rupees 675.00 IN2274   658.083 SHB N1406 04/08/2021 452.25 16/07/2021 Text Books  
    Dewey Decimal Classification     B.Com PIET NCR College Library PIET NCR College Library 16/07/2021 Kirti Prakashan IN Rupees 675.00 IN2274   658.083 SHB N1407 04/08/2021 452.25 16/07/2021 Text Books  
    Dewey Decimal Classification     B.Com PIET NCR College Library PIET NCR College Library 16/07/2021 Kirti Prakashan IN Rupees 675.00 IN2274 2 658.083 SHB N1408 15/07/2022 452.25 16/07/2021 Text Books 03/05/2022

Design & Developed by: PIET Central Library
R70 Miles Stone Pattikalyana Samalkha Panipat 132102
mail ID :- [email protected], Phone No:- 0180-2569700 Ex.216